| 000 | 00420nam a22001817a 4500 | ||
|---|---|---|---|
| 003 | OSt | ||
| 008 | 250418b |||||||| |||| 00| 0 eng d | ||
| 020 | _a9789365896022 | ||
| 082 | _a005.133 SAM | ||
| 100 | _aSAXENA,Amisha | ||
| 245 | _aModern Approach to C Programming | ||
| 250 | _a1st Ed | ||
| 260 |
_aNew Delhi _bBPB _c2025 |
||
| 300 | _a233 | ||
| 700 | _aARYA,Nancy | ||
| 700 | _aTANWAR,Anil | ||
| 942 |
_2ddc _cBK |
||
| 999 |
_c13320 _d13320 |
||